| 000 | 01597nam a22002177a 4500 | ||
|---|---|---|---|
| 003 | IT_MiCISF | ||
| 005 | 20241227120120.0 | ||
| 008 | 241227b |||||||| |||| 00| 0 eng d | ||
| 020 | _a9788892229693 | ||
| 040 | _cIT-MiCSF | ||
| 041 | _ait | ||
| 100 |
_aEcochard René _961278 |
||
| 245 |
_aUomo, donna... _bCosa ci dicono le neuroscienze |
||
| 260 |
_aCinisello B. (MI), _bSan Paolo, _c2023 |
||
| 300 | _app. 191 | ||
| 500 | _apersona, differenza-sessuale, crescita-bambini, adolescenza, corpo, identità-maschile, identità-femminile, rapporti-intergenerazionali, genetica, rapporti-genitori-figli | ||
| 520 | _aUn libro che offre chiavi di approfondimento sui temi dell’identità sessuale per fornire al lettore una riflessione scevra da condizionamenti ideologici nell’ambito del dibattito sulla teoria del gender. Basandosi su un enorme lavoro d’indagine tra centinaia di riferimenti bibliografici di neuropsicologia e biologia umana, René Écochard, medico ed esperto di ecologia umana integrale, spiega come, dal concepimento all’età adulta, ciascun essere umano abbia costruito nel proprio corpo, nella propria psicologia e nella relazione con gli altri la propria dimensione sessuata. L’opera propone uno scenario di modi di vivere il rapporto tra uomo e donna come un’armoniosa complementarità. Un libro accessibile a tutti, con un linguaggio chiaro e senza tecnicismi, che fornisce i punti di riferimento essenziali e un approccio molto pratico che ogni genitore o educatore dovrebbe conoscere. | ||
| 650 | _aPersona | ||
| 654 | _asaggio | ||
| 942 |
_2ddc _cBK |
||
| 999 |
_c360313 _d360313 |
||